000 00525nam a2200169 i 4500
001 40685
003 ES-MaACL
005 20230906160305.0
007 t|
008 030306s1977 sp ||||1| spa d
100 1 _aCarrero Eras, Pedro.
_935704
245 1 0 _aSociología de la cultura literaria en España /
_cPedro Carrero Eras.
260 _a[S.l. :
_bs.n.,
_c1977]
300 _a17 h. ;
_c24 cm.
500 _aEs separata de: Revista Española de la Opinión Pública, nº 47. p. 91-121.
852 _aES-MaACL
_j2107-F-18
999 _c40685
_d40685